000 00588nam a2200193Ia 4500
005 20250508160414.0
008 008 250505s9999 xx 000 0 eng d
037 _aDissertations
040 _aFEDL
_beng
_cFEDL
041 _aeng
_2eng
084 _a371.42, CHA/DI
_qFEDL
100 _aChawla Mohini
_9768414
245 0 _aStudy of vocational interests of high achievers and low achievers among girls of Delhi
260 _c1969
300 _a114p.
546 _aM.Ed. Dissertation (Delhi University)
942 _cDIS
_h371.42, CHA/DI
999 _c1364413
_d1364413